Eye to Eye. Season 4, Episode 12, Christopher Cozier /

Christopher Laird talks to artist Christopher Cozier about his work on a print for the Trinidad & Tobago Film festival, about working with a 'Master printer', about his influences and the history of his career as a graphic artist and painter, coming home and making a living as an inter...

Full description

Bibliographic Details
Other Authors: Laird, Christopher (Interviewer, Producer), Latiff, Ricky (Director)
Format: Video
Language:English
Language Notes:In English.
Published: [Trinidad and Tobago] : [publisher not identified], 2010.
Series:Academic Video Online
Subjects:
Online Access:Connect to this streaming video (Alexander Street Press)

MARC

Tag First Indicator Second Indicator Subfields
LEADER 00000cgm a2200000Mi 4500
001 in00005540468
006 m o c
007 cr |n||||||||a
007 vz |za|z|
008 160816s2010 tr 049 e o vueng d
005 20241201225813.0
035 |a (OCoLC)ocn957519922 
040 |a ALSTP  |b eng  |e rda  |e pn  |c ALSTP  |d OCLCO  |d UPM  |d OCLCQ  |d OCLCO  |d CAUOI  |d OCLCF  |d WYU  |d OCLCA  |d OCLCQ  |d OCL  |d OCLCO  |d OCLCA  |d OCL  |d OCLCO  |d DXU 
019 |a 1443943110 
035 |a (OCoLC)957519922  |z (OCoLC)1443943110 
049 |a TXAM 
245 0 0 |a Eye to Eye.  |n Season 4, Episode 12,  |p Christopher Cozier /  |c Banyan and Gayelle present. 
264 1 |a [Trinidad and Tobago] :  |b [publisher not identified],  |c 2010. 
300 |a 1 online resource (49 min.) 
306 |a 004838 
336 |a two-dimensional moving image  |b tdi  |2 rdacontent 
337 |a video  |b v  |2 rdamedia 
337 |a computer  |b c  |2 rdamedia 
338 |a other  |b vz  |2 rdacarrier 
338 |a online resource  |b cr  |2 rdacarrier 
347 |a data file  |2 rda 
490 0 |a Academic Video Online 
500 |a Title from resource description page (viewed August 16, 2016). 
520 |a Christopher Laird talks to artist Christopher Cozier about his work on a print for the Trinidad & Tobago Film festival, about working with a 'Master printer', about his influences and the history of his career as a graphic artist and painter, coming home and making a living as an international artist in Trinidad and Tobago, folk traditions and modern painting, mas' design and international modern art, the local art market and contemporary art, talks about what how he develops iconography in his art and how the parochial vocabulary registers internationally in post colonial societies. They look as specific pieces of work. Keywords: Alfred Codallo, Leroy Clarke, Peter Minshall. 
546 |a In English. 
600 1 0 |a Cozier, Christopher  |v Interviews. 
650 0 |a Artists  |v Interviews. 
650 0 |a Graphic artists  |v Interviews. 
650 6 |a Artistes  |v Entretiens. 
650 7 |a Artists.  |2 fast  |0 (OCoLC)fst00817559 
650 7 |a Graphic artists.  |2 fast  |0 (OCoLC)fst01740159 
655 2 |a Interview 
655 7 |a interviews.  |2 aat 
655 7 |a Interviews.  |2 fast  |0 (OCoLC)fst01423832 
655 7 |a Interviews.  |2 lcgft 
655 7 |a Interviews.  |2 rvmgf 
700 1 |a Laird, Christopher,  |e interviewer,  |e producer. 
700 1 |a Cozier, Christopher,  |e interviewee. 
700 1 |a Latiff, Ricky,  |e director. 
710 2 |a Banyan Ltd.,  |e production company. 
710 2 |a Gayelle (Television channel : Trinidad & Tobago),  |e production company. 
856 4 0 |u http://proxy.library.tamu.edu/login?url=https://www.aspresolver.com/aspresolver.asp?MARC;3259335  |z Connect to this streaming video (Alexander Street Press)  |t 0 
955 |a Alexander Street Press subscription streaming video 
994 |a 92  |b TXA 
999 f f |s d6baf2a1-63a7-4446-be09-d2969c6dde43  |i 31a981d5-7d8b-4c49-9a66-40e6ef2c71c8  |t 0 
952 f f |a Texas A&M University  |b College Station  |c Electronic Resources  |d Available Online  |t 0  |h Library of Congress classification 
998 f f |t 0  |l Available Online